Normal view
MARC view
- GUIDED WAVE PHOTONICS
Entry Topical Term
001 - CONTROL NUMBER
- control field: 58761
003 - CONTROL NUMBER IDENTIFIER
- control field: NUST
005 - DATE AND TIME OF LATEST TRANSACTION
- control field: 20210628202215.0
008 - FIXED-LENGTH DATA ELEMENTS
- fixed length control field: 210628|| aca||aabn | a|a d
040 ## - CATALOGING SOURCE
- Original cataloging agency: NUST
- Transcribing agency: NUST
150 ## - HEADING--TOPICAL TERM
- Topical term or geographic name entry element: GUIDED WAVE PHOTONICS
670 ## - SOURCE DATA FOUND
- Source citation: Work cat.: (NUST): Buckman , A.Bruce 58760, Guided wave photonics, 1992
